00968nam a2200265 a 4500001001000000003000400010005001700014008004000031020001500071040002500086082001800111100003000129245005400159260003200213300002800245504007400273590002700347600003600374650006700410650003500477910001500512942001300527952014500540999001700685000022581OSt20200930021703.0101013s2002 sp c 000 0 spa d a8475561160 aDO-SdBNPbspacBNPHU a928.41bF632l1 aEstrade, Florence.94647613aEl lector de...Albert Camus. /cFlorence Estrade. aBarcelona :bOceano,c2002. a204 p. :bretr.c21 cm. aIncluye referencias bibliográficas y notas al pie de las páginas. aInventariado, 2020/ YL14aCAMUS, ALBERT,d1913-196094231 4aCamus, albert,d1913-1960xCrítica e interpretación946477 4aCamus, albert,xFamilia946478 aEn proceso 2ddccLF1 00102ddc50718MOaGRbGRcCTd2010-10-13eCompra en la Feria del Librog544.00iLF1l0o928.41 F632lp22581-10r2020-06-25w2020-06-25y1 c22078d22078